Statistiken für Gemeinden Landkreis Aschaffenburg

Klicken Sie hier um das Quiz zu spielen!

Allgemein

  • Dieses Quiz wurde 94 mal gespielt
  • Das Durchschnittsergebnis liegt bei 14 aus 32

Antwortstatistiken

EinwohnerGemeindeartGemeinde% Korrekt
16.365MarktGroßostheim
81%
8.206GemeindeKleinostheim
79%
13.240MarktHösbach
70%
8.936GemeindeMainaschaff
68%
18.505StadtAlzenau
65%
10.010MarktGoldbach
65%
8.002MarktStockstadt am Main
65%
8.033GemeindeKahl am Main
54%
11.487MarktMömbris
53%
3.596GemeindeSailauf
53%
8.461GemeindeHaibach
51%
4.263MarktSchöllkrippen
51%
5.658GemeindeBessenbach
44%
3.923GemeindeJohannesberg
44%
8.087GemeindeKarlstein am Main
44%
5.149GemeindeLaufach
44%
4.145GemeindeWaldaschaff
42%
2.307GemeindeHeigenbrücken
37%
1.516GemeindeBlankenbach
33%
2.104GemeindeKrombach
33%
3.328GemeindeGlattbach
32%
2.180GemeindeHeimbuchenthal
32%
1.837GemeindeKleinkahl
32%
2.194GemeindeMespelbrunn
30%
1.918GemeindeWesterngrund
30%
2.001GemeindeWeibersbrunn
28%
1.016GemeindeWiesen
28%
2.003GemeindeGeiselbach
26%
1.247GemeindeSommerkahl
26%
1.875GemeindeDammbach
25%
838GemeindeHeinrichsthal
23%
1.770GemeindeRothenbuch
21%

Verteilung der Resultate

Perzentil nach korrekt beantworteten Fragen

Anzahl Personen mit jedem Resultat

Ihre Resultats-Entwicklung

Sie haben dieses Quiz noch nicht gespielt